Expanding leadership impact (Record no. 379180)
[ view plain ]
| 000 -LEADER | |
|---|---|
| fixed length control field | 00389cam a22001457a 4500 |
| 008 - FIXED-LENGTH DATA ELEMENTS--GENERAL INFORMATION | |
| fixed length control field | 180718b1995 xxu||||| |||| 00| 0 eng d |
| 082 ## - DEWEY DECIMAL CLASSIFICATION NUMBER | |
| Classification number | I51 K26 (N) |
| 100 ## - MAIN ENTRY--PERSONAL NAME | |
| Personal name | Kehoe, Kevin R. |
| 245 ## - TITLE STATEMENT | |
| Title | Expanding leadership impact |
| Statement of responsibility, etc. | by Kevin R. Kehoe |
| 260 ## - PUBLICATION, DISTRIBUTION, ETC. | |
| Place of publication, distribution, etc. | London |
| Name of publisher, distributor, etc. | Kogan Page |
| Date of publication, distribution, etc. | 1995 |
| 300 ## - PHYSICAL DESCRIPTION | |
| Extent | 98p. |
| 440 ## - SERIES STATEMENT/ADDED ENTRY--TITLE | |
| Title | Management skills series |
| 650 ## - SUBJECT ADDED ENTRY--TOPICAL TERM | |
| Topical term or geographic name entry element | Management |
| 650 ## - SUBJECT ADDED ENTRY--TOPICAL TERM | |
| Topical term or geographic name entry element | Leadership |
No items available.
